Central Library OPAC University of Rajshahi

A concise history of the Indian people / (Record no. 26638)

MARC details
000 -LEADER
fixed length control field 00959cam a22002771 4500
001 - CONTROL NUMBER
control field 26638
003 - CONTROL NUMBER IDENTIFIER
rucl marc code BD-RjUL
005 - DATE AND TIME OF LATEST TRANSACTION
control field 20211209051038.0
008 - FIXED-LENGTH DATA ELEMENTS--GENERAL INFORMATION
fixed length control field 140323r19501958enka 001 0 eng d
035 ## - SYSTEM CONTROL NUMBER
System control number (BD-RjUL)26708
System control number (OCoLC)7121374
040 ## - CATALOGING SOURCE
Original cataloging agency DLC
Transcribing agency ICTU
Modifying agency DLC
-- BD-RjUL
Language of cataloging eng
041 ## - LANGUAGE CODE
Language code of text/sound track or separate title eng
082 00 - DEWEY DECIMAL CLASSIFICATION NUMBER
Classification number 954
Author mark and year RAC 1958
100 1# - MAIN ENTRY--PERSONAL NAME
Personal name Rawlinson, H. G.
Fuller form of name (Hugh George),
Dates associated with a name 1880-
9 (RLIN) 80752
245 02 - TITLE STATEMENT
Title A concise history of the Indian people /
Statement of responsibility, etc. by H.G. Rawlinson ...
250 ## - EDITION STATEMENT
Edition statement 2nd ed
260 ## - PUBLICATION, DISTRIBUTION, ETC. (IMPRINT)
Place of publication, distribution, etc. London :
Name of publisher, distributor, etc. Oxford university press,
Date of publication, distribution, etc. 1950. [Reprinted 1958]
300 ## - PHYSICAL DESCRIPTION
Pagination xiii, 431 p. :
Illustrations ill. ;
Size 19 cm.
500 ## - GENERAL NOTE
General note "Written primarily for the use of the studen preparing for the matricuation examination of the Indian universities, and ... based on the syllabuses issued by them" -- Pref.
504 ## - BIBLIOGRAPHY, ETC. NOTE
Bibliography, etc Includes Index
651 #0 - SUBJECT ADDED ENTRY--GEOGRAPHIC NAME
Geographic name India
General subdivision History.
9 (RLIN) 81860
942 ## - ADDED ENTRY ELEMENTS (KOHA)
Source of classification or shelving scheme Dewey Decimal Classification
Koha item type Books
Holdings
Lost status Source of classification or shelving scheme Damaged status Not for loan Collection code Permanent Location Current Location Shelving location Date acquired Source of acquisition Total Checkouts Full call number Date last seen Copy number Koha item type
  Dewey Decimal Classification     Non-fiction Central Library, University of Rajshahi Central Library, University of Rajshahi   17/04/1982 Asia Fundation Gift   954 RAC 1958 23/03/2014 C-4 Books
  Dewey Decimal Classification     Non-fiction Central Library, University of Rajshahi Central Library, University of Rajshahi   07/04/1982 Asia Fundation Gift   954 RAC 1952 23/03/2014 C-2 Books
  Dewey Decimal Classification     Non-fiction Central Library, University of Rajshahi Central Library, University of Rajshahi   08/05/1974 O. U. P   954 RAC 1958 30/03/2014 C-3 Books